[Event "Catalunya-chT Honor"]
[Site "Catalunya"]
[Date "2009.03.15"]
[Round "7"]
[White "Martinez Villar, Juan Antonio"]
[Black "Pascual Genoves, Marc"]
[Result "1/2-1/2"]
[WhiteElo "2148"]
[BlackElo "2225"]
[PlyCount "31"]
[EventDate "2009.02.01"]
[EventType "team-tourn"]
[EventRounds "9"]
[EventCountry "ESP"]
[SourceTitle "EXT 2019"]
[Source "ChessBase"]
[SourceDate "2018.10.10"]
[SourceVersion "1"]
[SourceVersionDate "2018.10.10"]
[SourceQuality "1"]
[WhiteTeam "Sant Adria"]
[BlackTeam "Cerdanyola Valles"]
[WhiteTeamCountry "ESP"]
[BlackTeamCountry "ESP"]

1. e4 g6 2. d4 d6 3. Nc3 a6 4. f4 b5 5. Nf3 Nd7 6. Bd3 Bg7 7. 0-0 Bb7 8. e5 e6 9. Ne4 Nb6 10. c3 Ne7 11. Bd2 Nc4 12. Bc1 Qd7 13. b3 Nb6 14. Qe2 Nbd5 15. Bd2 Nc6 16. a3 1/2-1/2

[Event "Catalunya-chT Honor"]
[Site "Catalunya"]
[Date "2009.03.01"]
[Round "5"]
[White "Perpinya Rofes, Lluis Maria"]
[Black "Martinez Villar, Juan Antonio"]
[Result "1-0"]
[WhiteElo "2381"]
[BlackElo "2148"]
[PlyCount "63"]
[EventDate "2009.02.01"]
[EventType "team-tourn"]
[EventRounds "9"]
[EventCountry "ESP"]
[SourceTitle "EXT 2019"]
[Source "ChessBase"]
[SourceDate "2018.10.10"]
[SourceVersion "1"]
[SourceVersionDate "2018.10.10"]
[SourceQuality "1"]
[WhiteTeam "Colon Sabadell"]
[BlackTeam "Sant Adria"]
[WhiteTeamCountry "ESP"]
[BlackTeamCountry "ESP"]

1. e4 e6 2. d4 d5 3. Nc3 Nf6 4. e5 Nfd7 5. f4 c5 6. Nf3 Nc6 7. Be3 Be7 8. Qd2 0-0 9. dxc5 Bxc5 10. Bxc5 Nxc5 11. Qf2 Qa5 12. Bd3 Nxd3+ 13. cxd3 b5 14. 0-0 b4 15. Ne2 Ba6 16. Qe3 Qb5 17. Rfd1 Rfc8 18. Rac1 Qa4 19. f5 exf5 20. e6 Re8 21. exf7+ Kxf7 22. Ng5+ Kg8 23. Qf3 Ne7 24. Qh5 h6 25. Qf7+ Kh8 26. Ne6 Rg8 27. Qxe7 Rae8 28. Qf7 b3 29. N2f4 Qb4 30. Ng6+ Kh7 31. Qxf5 Qb6+ 32. Kh1 1-0

[Event "Catalunya-chT DH"]
[Site "Spain"]
[Date "2004.??.??"]
[Round "9"]
[White "Fernandez Cazorla, Antonio"]
[Black "Martinez Villar, Juan Antonio"]
[Result "1-0"]
[WhiteElo "2241"]
[BlackElo "2198"]
[PlyCount "119"]
[EventDate "2004.??.??"]
[EventType "team"]
[EventRounds "9"]
[EventCountry "ESP"]
[SourceTitle "EXT 2007"]
[Source "ChessBase"]
[SourceDate "2006.11.23"]
[SourceVersion "1"]
[SourceVersionDate "2006.11.23"]
[SourceQuality "1"]

1. e4 e6 2. d4 d5 3. Nc3 Nf6 4. Bg5 dxe4 5. Nxe4 Be7 6. Bxf6 Bxf6 7. Nf3 Nd7 8. Qd2 0-0 9. 0-0-0 Be7 10. h4 b6 11. Bd3 Bb7 12. Neg5 h6 13. Bh7+ Kh8 14. Be4 Bxe4 15. Nxe4 c5 16. dxc5 Nxc5 17. Qxd8 Rfxd8 18. Rxd8+ Rxd8 19. Nxc5 Bxc5 20. Ne5 Kg8 21. Nd3 Be7 22. g3 f6 23. f4 Kf7 24. Rd1 a5 25. Nf2 Rxd1+ 26. Kxd1 Bd6 27. Ne4 Bb8 28. Ke2 e5 29. f5 Ke7 30. a4 Kd7 31. Kd3 Kc6 32. Kc4 h5 33. c3 Bc7 34. b4 axb4 35. cxb4 Bd8 36. b5+ Kd7 37. Kd5 Be7 38. Nd2 Bb4 39. Nc4 Kc7 40. Ke4 Be1 41. Kf3 Bb4 42. g4 hxg4+ 43. Kxg4 Be1 44. h5 Bf2 45. Kf3 Be1 46. Ke4 Kd7 47. Kd5 Bf2 48. a5 bxa5 49. Nxa5 e4 50. Kxe4 Kd6 51. b6 Kc5 52. b7 Bg3 53. Nb3+ Kb6 54. Kd5 Kxb7 55. Ke6 Bf4 56. Kf7 Bh6 57. Nd4 Kc7 58. Ne6+ Kd6 59. Nxg7 Ke5 60. Kg6 1-0

[Event "Catalunya-chT DH"]
[Site "Spain"]
[Date "2004.??.??"]
[Round "1"]
[White "Jose Abril, Ramon"]
[Black "Martinez Villar, Juan Antonio"]
[Result "1-0"]
[WhiteElo "2369"]
[BlackElo "2198"]
[PlyCount "47"]
[EventDate "2004.??.??"]
[EventType "team"]
[EventRounds "9"]
[EventCountry "ESP"]
[SourceTitle "EXT 2007"]
[Source "ChessBase"]
[SourceDate "2006.11.23"]
[SourceVersion "1"]
[SourceVersionDate "2006.11.23"]
[SourceQuality "1"]

1. e4 e6 2. d4 d5 3. Nc3 Nf6 4. e5 Nfd7 5. f4 c5 6. Nf3 Nc6 7. Be3 a6 8. g3 b5 9. Bh3 g6 10. 0-0 Qb6 11. Ne2 cxd4 12. Nexd4 Nxd4 13. Bxd4 Bc5 14. c3 b4 15. cxb4 Qxb4 16. Rc1 0-0 17. a3 Bxd4+ 18. Qxd4 Qb6 19. Rf2 a5 20. Rfc2 Ba6 21. Rc6 Qb3 22. Qc3 Qxc3 23. R1xc3 Rfc8 24. Rxa6 1-0

[Event "Hostafrancs op 5th"]
[Site "Barcelona"]
[Date "2003.09.04"]
[Round "6"]
[White "Granados Gomez, Manuel"]
[Black "Martinez Villar, Juan Antonio"]
[Result "1-0"]
[WhiteElo "2413"]
[BlackElo "2200"]
[PlyCount "63"]
[EventDate "2003.08.30"]
[EventType "swiss"]
[EventRounds "9"]
[EventCountry "ESP"]
[SourceTitle "EXT 2004"]
[Source "ChessBase"]
[SourceDate "2003.11.25"]
[SourceVersion "1"]
[SourceVersionDate "2003.11.25"]
[SourceQuality "1"]

1. c4 Nf6 2. Nc3 g6 3. e4 d6 4. g3 Bg7 5. Bg2 0-0 6. Nge2 c5 7. 0-0 Nc6 8. d3 Ne8 9. Be3 Nd4 10. Qd2 Nc7 11. Bh6 Nce6 12. Bxg7 Kxg7 13. Nxd4 Nxd4 14. Ne2 e5 15. Nxd4 cxd4 16. f4 f6 17. f5 g5 18. g4 Bd7 19. h4 h6 20. Kf2 Qc7 21. Rh1 Rh8 22. Rh3 b5 23. Rc1 Qb6 24. Kg3 bxc4 25. dxc4 Rab8 26. b3 a5 27. Bf3 a4 28. Rch1 axb3 29. hxg5 fxg5 30. Rxh6 Rxh6 31. Qxg5+ Kf7 32. Rxh6 1-0

[Event "Hostafrancs op 3rd"]
[Site "Barcelona"]
[Date "2001.09.07"]
[Round "7"]
[White "Martinez Villar, Juan Antonio"]
[Black "Rios, Alb"]
[Result "1/2-1/2"]
[WhiteElo "2181"]
[BlackElo "2337"]
[PlyCount "113"]
[EventDate "2001.09.01"]
[EventType "swiss"]
[EventRounds "9"]
[EventCountry "ESP"]
[SourceTitle "CBM 084 Extra"]
[Source "ChessBase"]
[SourceDate "2001.10.26"]
[SourceVersion "1"]
[SourceVersionDate "2001.10.26"]
[SourceQuality "1"]

1. e4 e5 2. Nf3 Nc6 3. d4 exd4 4. Nxd4 Nf6 5. Nxc6 bxc6 6. e5 Qe7 7. Qe2 Nd5 8. c4 Ba6 9. g3 f6 10. e6 0-0-0 11. Bh3 Kb8 12. 0-0 h5 13. b3 h4 14. Ba3 c5 15. Bg2 c6 16. Qd2 Nb4 17. exd7 Rxd7 18. Qf4+ Qd6 19. Qxd6+ Bxd6 20. Bxb4 cxb4 21. Bxc6 Rc7 22. Bd5 Be5 23. Nd2 Bxa1 24. Rxa1 Bb7 25. Bxb7 Kxb7 26. Nf1 hxg3 27. hxg3 g5 28. Ne3 Rch7 29. Kg2 Rh2+ 30. Kf3 Rh1 31. Rxh1 Rxh1 32. Nd5 a5 33. Nxf6 Ra1 34. Ke4 Rxa2 35. f4 gxf4 36. gxf4 Ra3 37. Nd7 Kc6 38. Ne5+ Kd6 39. f5 Rxb3 40. f6 Rb1 41. c5+ Ke6 42. f7 Re1+ 43. Kd4 Rd1+ 44. Kc4 Rc1+ 45. Kd4 Ke7 46. c6 b3 47. Nc4 Rf1 48. Kc3 a4 49. c7 Kd7 50. Nb6+ Kxc7 51. Nxa4 Kc6 52. Kxb3 Rxf7 53. Nc3 Rf4 54. Ne2 Rh4 55. Kc3 Kd5 56. Kd2 Ke5 57. Kd3 1/2-1/2

[Event "Hostafrancs op 3rd"]
[Site "Barcelona"]
[Date "2001.09.05"]
[Round "5"]
[White "Martinez Villar, Juan Antonio"]
[Black "Hidalgo Mena, Andres"]
[Result "1/2-1/2"]
[WhiteElo "2181"]
[BlackElo "2304"]
[PlyCount "78"]
[EventDate "2001.09.01"]
[EventType "swiss"]
[EventRounds "9"]
[EventCountry "ESP"]
[SourceTitle "CBM 084 Extra"]
[Source "ChessBase"]
[SourceDate "2001.10.26"]
[SourceVersion "1"]
[SourceVersionDate "2001.10.26"]
[SourceQuality "1"]

1. e4 c5 2. Nc3 Nc6 3. f4 g6 4. Nf3 Bg7 5. Bb5 d6 6. Bxc6+ bxc6 7. 0-0 Nh6 8. Qe1 e6 9. f5 0-0 10. fxg6 fxg6 11. d3 Nf7 12. Qg3 Rb8 13. Nd1 c4 14. d4 Ba6 15. c3 e5 16. Be3 Qe7 17. dxe5 Nxe5 18. Bf4 c5 19. Ne3 Rxb2 20. Nd5 Qe8 21. Nc7 Qc8 22. Nxa6 Nxf3+ 23. gxf3 Qxa6 24. Bxd6 Re8 25. e5 Bf8 26. Bxf8 Rxf8 27. a4 Qe6 28. Rad1 Rf5 29. f4 Rh5 30. Rd6 Qf5 31. Rf2 Rxf2 32. Qxf2 Qg4+ 33. Qg2 Qxf4 34. Rxg6+ hxg6 35. Qxg6+ Kf8 36. Qxh5 Qc1+ 37. Kg2 Qd2+ 38. Kg1 Qe3+ 39. Kg2 Qd2+ 1/2-1/2

[Event "Catalunya-ch Absolut"]
[Site "Barcelona"]
[Date "2001.04.14"]
[Round "7"]
[White "Martinez Villar, Juan Antonio"]
[Black "Arias Boo, Guillermo"]
[Result "0-1"]
[WhiteElo "2135"]
[BlackElo "2225"]
[PlyCount "110"]
[EventDate "2001.04.08"]
[EventType "swiss"]
[EventRounds "9"]
[EventCountry "ESP"]
[SourceTitle "EXT 2008"]
[Source "ChessBase"]
[SourceDate "2007.11.25"]
[SourceVersion "1"]
[SourceVersionDate "2007.11.25"]
[SourceQuality "1"]

1. e4 c5 2. Nc3 e6 3. f4 d5 4. Nf3 Nc6 5. exd5 exd5 6. Bb5 a6 7. Bxc6+ bxc6 8. 0-0 Bd6 9. d4 Ne7 10. Na4 cxd4 11. Qxd4 0-0 12. c4 Qa5 13. cxd5 cxd5 14. Bd2 Qb5 15. Nc3 Qb7 16. Kh1 Rd8 17. b3 Bf5 18. Nh4 Rac8 19. Nxf5 Nxf5 20. Qd3 d4 21. Ne4 Qb5 22. Qh3 Qd5 23. Rfe1 Bb8 24. a4 Rc6 25. Qd3 h6 26. b4 Rg6 27. Rac1 Nd6 28. Rc5 Qb7 29. f5 Nxe4 30. Rxe4 Rgd6 31. Kg1 Rd5 32. Rc4 Rxf5 33. Rexd4 Ba7 34. Qxf5 Bxd4+ 35. Kf1 g6 36. Qc2 Bg7 37. Rc7 Qd5 38. Be1 Be5 39. h3 Bxc7 40. Qxc7 Qd3+ 41. Kf2 Re8 42. Bc3 Qf5+ 43. Kg1 Rc8 44. Qg3 Qb1+ 45. Kh2 Qb3 46. Be5 Qxg3+ 47. Kxg3 Rc4 48. Bd6 Rc2 49. Kf3 Ra2 50. a5 f5 51. h4 Kf7 52. g4 Ke6 53. Bf8 h5 54. gxh5 gxh5 55. Kf4 Rg2 0-1